[Event "SR 5. liga SE-SI 2017/2018"]
[Site "?"]
[Date "2017.12.02"]
[Round "4.3"]
[White "Jakubec, Milan"]
[Black "Harasta, Marian"]
[Result "0-1"]
[WhiteElo "2021"]
[BlackElo "1615"]
[PlyCount "56"]
[EventDate "2017.??.??"]

1. e4 c5 2. Nf3 Nc6 3. d4 cxd4 4. Nxd4 e5 5. Nxc6 bxc6 6. Bd3 Nf6 7. O-O Bc5 8.
c4 d6 9. h3 Be6 10. Nc3 a5 11. b3 O-O 12. Qc2 Qd7 13. Kh2 Bd4 14. f4 exf4 15.
Bxf4 Nh5 16. Bd2 Be5+ 17. Kg1 Bxh3 18. Be3 Ng3 19. Rf2 Qg4 20. Re1 h5 21. gxh3
Qxh3 22. Rh2 Qg4 23. Rg2 h4 24. Qd1 Qg6 25. Ne2 h3 26. Nxg3 hxg2 27. Nf5 Qh7
28. Qg4 Qh2+ 0-1

[Event "SR 5. liga SE-SI 2017/2018"]
[Site "?"]
[Date "2017.12.02"]
[Round "4.3"]
[White "Davidik, Miroslav"]
[Black "Solovic, Rastislav"]
[Result "0-1"]
[WhiteElo "1400"]
[BlackElo "1838"]
[PlyCount "74"]
[EventDate "2017.??.??"]

1. b4 Nf6 2. Bb2 g6 3. c4 Bg7 4. e3 O-O 5. d4 d6 6. h3 Nbd7 7. Nf3 b6 8. Be2
Bb7 9. O-O e6 10. Nbd2 c5 11. b5 d5 12. a4 Re8 13. Qb3 dxc4 14. Bxc4 Ne4 15.
Rfd1 Qc7 16. Rac1 Nd6 17. Be2 Rad8 18. Nc4 Bd5 19. Nfd2 Rc8 20. Qa3 Nxc4 21.
Bxc4 Bxc4 22. Nxc4 Red8 23. Qa1 cxd4 24. Bxd4 Bxd4 25. exd4 Qf4 26. Ne3 Nf6 27.
Rxc8 Rxc8 28. Qb2 Qe4 29. Qd2 Nd5 30. Ra1 Nxe3 31. Qxe3 Qxe3 32. fxe3 Rc2 33.
Kf1 Kg7 34. Ra3 Kf6 35. g4 Kg5 36. Kg1 f5 37. gxf5 gxf5 0-1

[Event "SR 5. liga SE-SI 2017/2018"]
[Site "?"]
[Date "2017.12.02"]
[Round "4.3"]
[White "Durec, Martin"]
[Black "Londin, Lukas Vojtech"]
[Result "0-1"]
[WhiteElo "1450"]
[BlackElo "1311"]
[PlyCount "62"]
[EventDate "2017.??.??"]

1. e4 b6 2. d4 Bb7 3. Nc3 e6 4. Bf4 Bb4 5. Nge2 Bxe4 6. a3 Bxc3+ 7. Nxc3 Bb7 8.
Qg4 Qf6 9. Be5 Qg6 10. Qxg6 hxg6 11. Bxc7 Ne7 12. Be5 f6 13. Bf4 Nbc6 14. O-O-O
Nf5 15. d5 Nce7 16. dxe6 dxe6 17. Bb5+ Kf7 18. f3 Rhd8 19. Bc7 Rdc8 20. Bf4 e5
21. Bg3 Ne3 22. Rd2 Rd8 23. Re2 N7f5 24. Bf2 Nxg2 25. Ne4 Nf4 26. Rd2 Rxd2 27.
Nxd2 Rd8 28. c3 Nd3+ 29. Bxd3 Rxd3 30. Ne4 Rxf3 31. Bg3 Bxe4 0-1

[Event "SR 5. liga SE-SI 2017/2018"]
[Site "?"]
[Date "2017.12.02"]
[Round "4.3"]
[White "Londinova, Jasmina Marie"]
[Black "Knapek, Adrian"]
[Result "0-1"]
[WhiteElo "1115"]
[BlackElo "1437"]
[PlyCount "82"]
[EventDate "2017.??.??"]

1. e4 e5 2. Nf3 d6 3. Nc3 h6 4. h3 Nf6 5. Bc4 Be7 6. d4 exd4 7. Nxd4 O-O 8. Qf3
Nbd7 9. Bf4 Ne5 10. Bxe5 dxe5 11. Nf5 Bxf5 12. Qxf5 Qd4 13. Bd5 Bb4 14. Qf3 c6
15. a3 Bxc3+ 16. bxc3 Qc5 17. Bb3 Rad8 18. O-O Rd7 19. a4 a5 20. Rad1 Rfd8 21.
Rxd7 Rxd7 22. g4 Nh7 23. h4 Qe7 24. Qg3 b5 25. c4 b4 26. f4 exf4 27. Rxf4 c5
28. g5 hxg5 29. hxg5 Qxg5 30. Rg4 Qc1+ 31. Kf2 Rd2+ 32. Ke3 Rg2+ 33. Kf3 Qf1+
34. Ke3 Rxg3+ 35. Rxg3 Nf6 36. Rf3 Qe1+ 37. Kf4 Qxe4+ 38. Kg3 Nh5+ 39. Kf2 f5
40. Re3 Qd4 41. Kf3 f4 0-1

[Event "SR 5. liga SE-SI 2017/2018"]
[Site "?"]
[Date "2017.12.02"]
[Round "4.3"]
[White "Belak, Michal"]
[Black "Londin, Michal Karol"]
[Result "0-1"]
[WhiteElo "1000"]
[BlackElo "1070"]
[PlyCount "22"]
[EventDate "2017.??.??"]

1. e4 e5 2. Nf3 Nc6 3. Bc4 Nf6 4. Nc3 Bc5 5. O-O d6 6. d3 Bg4 7. a3 Nd4 8. Be3
Nxf3+ 9. gxf3 Bh3 10. Re1 Nh5 11. Bxc5 Qg5+ 0-1

[Event "SR 5. liga SE-SI 2017/2018"]
[Site "?"]
[Date "2017.12.02"]
[Round "4.4"]
[White "Kanka, Tomas"]
[Black "Svrcek, Daniel"]
[Result "1-0"]
[WhiteElo "1702"]
[BlackElo "1273"]
[PlyCount "122"]
[EventDate "2017.??.??"]

1. e4 e6 2. d4 d5 3. exd5 exd5 4. Bd3 Nf6 5. Nf3 Bg4 6. O-O Nc6 7. c3 Be7 8. h3
Bh5 9. Re1 Qd6 10. Bg5 O-O-O 11. Nbd2 Bg6 12. Qc2 Nd7 13. b4 Rde8 14. b5 Nd8
15. Bxe7 Rxe7 16. Reb1 Bxd3 17. Qxd3 b6 18. a4 Nb7 19. Nb3 Kb8 20. a5 h6 21.
axb6 cxb6 22. Ra2 Nf6 23. Ne5 Nd8 24. Rba1 Rc7 25. Nd2 Nd7 26. Qg3 g6 27. Nc6+
Rxc6 28. Rxa7 Qxg3 29. Ra8+ Kc7 30. fxg3 Re6 31. c4 Kd6 32. R1a7 Nf6 33. Rb8
dxc4 34. Nxc4+ Kd5 35. Nxb6+ Kxd4 36. Ra4+ Kc5 37. Nc4 Nd7 38. Rc8+ Kd5 39. Ra1
Nc5 40. Na5 Rd6 41. Rd1+ Ke6 42. Re1+ Kd7 43. Rxc5 Ne6 44. Rcc1 Rc8 45. Nc4
Rxc4 46. Rxc4 Nc7 47. Rce4 Ne6 48. Ra1 Rb6 49. Ra7+ Ke8 50. Rb4 Nc5 51. Rb1 Kf8
52. g4 Ke8 53. Rf1 Nb7 54. Ra8+ Ke7 55. Rh8 g5 56. Rh7 Rf6 57. Rxf6 Kxf6 58.
Rxh6+ Kg7 59. Rb6 Nd8 60. Ra6 Nb7 61. b6 Nc5 1-0

[Event "SR 5. liga SE-SI 2017/2018"]
[Site "?"]
[Date "2017.12.02"]
[Round "4.4"]
[White "Datko, Jan"]
[Black "Zajicek, Ferdinand"]
[Result "0-1"]
[WhiteElo "1206"]
[BlackElo "1768"]
[PlyCount "94"]
[EventDate "2017.??.??"]

1. e4 c5 2. Bc4 Nc6 3. Nf3 e6 4. Nc3 Bd6 5. d3 a6 6. a3 Ne5 7. Be3 b5 8. Ba2
Qc7 9. Nxe5 Bxe5 10. g3 Bb7 11. f4 Bxc3+ 12. bxc3 Qa5 13. Bd2 Nf6 14. c4 Qb6
15. Rb1 O-O 16. O-O Qc6 17. Qf3 Rab8 18. Bc3 Ne8 19. f5 f6 20. h4 Kh8 21. g4
Nd6 22. fxe6 dxe6 23. cxb5 Nxb5 24. Ba1 Nd4 25. Qf2 Qd7 26. c3 Nc6 27. d4 cxd4
28. cxd4 Ne7 29. e5 fxe5 30. Qxf8+ Rxf8 31. Rxf8+ Ng8 32. Rxb7 Qxb7 33. Bxe6 h6
34. Rxg8+ Kh7 35. Bc3 Qb1+ 36. Kf2 Qc2+ 37. Ke3 Qxc3+ 38. Ke4 Qxd4+ 39. Kf3 e4+
40. Kg3 Qd6+ 41. Kh3 Qxe6 42. Rf8 e3 43. Rf1 Qb3 44. Kg2 Qxa3 45. Kf3 a5 46.
Re1 a4 47. Rxe3 Qxe3+ 0-1

[Event "SR 5. liga SE-SI 2017/2018"]
[Site "?"]
[Date "2017.12.02"]
[Round "4.4"]
[White "Ralbovsky, Milan"]
[Black "Sefcik, Oliver"]
[Result "0-1"]
[WhiteElo "1505"]
[BlackElo "1079"]
[PlyCount "100"]
[EventDate "2017.??.??"]

1. e4 d5 2. e5 c5 3. c3 e6 4. d4 Nc6 5. Bb5 Qb6 6. Qa4 Bd7 7. Be3 a6 8. Nf3
Qxb5 9. Qxb5 axb5 10. O-O c4 11. Nbd2 f6 12. b3 fxe5 13. dxe5 Nge7 14. b4 Ng6
15. Bd4 Be7 16. Rfe1 O-O 17. g3 Nxd4 18. Nxd4 Ra3 19. Nb1 Ra6 20. f4 Rfa8 21.
a3 Bd8 22. Kg2 Bb6 23. Nc2 d4 24. cxd4 Rc8 25. Re3 Ne7 26. Nd2 Nf5 27. Re2 Nxd4
28. Nxd4 Bxd4 29. Rd1 Bc6+ 30. Kh3 Rxa3 31. Nxc4 bxc4 32. Rxd4 Bd5 33. f5 Rd3
34. Rf4 Rf3 35. Rf2 Rxf2 36. Rxf2 Rf8 37. g4 g6 38. f6 Kf7 39. Kh4 h6 40. Ra2
Rc8 41. Kg3 c3 42. Ra1 c2 43. Rc1 Bb3 44. Kf2 Rd8 45. Ra1 Rd1 46. Ra7 Bd5 47.
Ra8 c1=Q 48. Rh8 Rd2+ 49. Kg3 Qg1+ 50. Kh3 Rxh2# 0-1

[Event "SR 5. liga SE-SI 2017/2018"]
[Site "?"]
[Date "2017.12.02"]
[Round "4.4"]
[White "Sefcik, Marek"]
[Black "Hyza, Richard"]
[Result "1/2-1/2"]
[WhiteElo "1050"]
[BlackElo "1399"]
[PlyCount "54"]
[EventDate "2017.??.??"]

1. e4 d5 2. exd5 Qxd5 3. Nc3 Qa5 4. d4 Nf6 5. Nf3 e6 6. a3 Bd6 7. Bd2 c6 8. Ne4
Qc7 9. c4 Nxe4 10. Be3 Nd7 11. Qc2 Ndf6 12. c5 Bf4 13. Bd3 Ng5 14. Nxg5 Bxe3
15. fxe3 Qe7 16. O-O-O e5 17. Rde1 g6 18. h3 Bf5 19. Rhf1 Bxd3 20. Qxd3 O-O-O
21. Re2 h6 22. Ne4 Nxe4 23. Qxe4 f5 24. Qc2 e4 25. g4 Rhf8 26. Ref2 Qe6 27. Rd1
Kb8 1/2-1/2

[Event "SR 5. liga SE-SI 2017/2018"]
[Site "?"]
[Date "2017.12.02"]
[Round "4.4"]
[White "Vyrubal, Ondrej"]
[Black "Cermak, Lukas"]
[Result "0-1"]
[WhiteElo "1000"]
[BlackElo "1000"]
[PlyCount "122"]
[EventDate "2017.??.??"]

1. e4 e5 2. d3 Bc5 3. Nf3 Nf6 4. Bg5 d6 5. Be2 O-O 6. O-O h6 7. Bd2 c6 8. c3
Be6 9. d4 exd4 10. cxd4 Bb6 11. e5 dxe5 12. dxe5 Ne4 13. Qc2 Nxd2 14. Nfxd2 Nd7
15. Bd1 Nxe5 16. Qe4 f5 17. Qc2 Ng6 18. Nc3 Ba5 19. Ne2 Bxd2 20. Nc1 Bxc1 21.
Rxc1 Bxa2 22. Ra1 Be6 23. Ra3 Qd6 24. Rh3 f4 25. Rd3 Qe7 26. Bh5 Bf5 27. Rd2
Bxc2 28. Rxc2 Rf6 29. Be2 Rd8 30. Bc4+ Kh8 31. Rcc1 Ne5 32. Bb3 Qd7 33. Bc2 Rd6
34. Bb3 Nd3 35. Rb1 Nxb2 36. g3 Rd1 37. Rfxd1 Qxd1+ 38. Rxd1 Rxd1+ 39. Bxd1
Nxd1 40. f3 a5 41. Kf1 fxg3 42. hxg3 b5 43. Ke2 Nc3+ 44. Kd3 b4 45. Kc2 c5 46.
Kb3 a4+ 47. Kb2 c4 48. Kc2 b3+ 49. Kb2 Nd1+ 50. Ka3 b2 51. Ka2 c3 52. Kb1 a3
53. Kc2 a2 54. Kd3 a1=Q 55. Ke4 c2 56. f4 b1=Q 57. g4 c1=Q+ 58. Kf3 g5 59. f5
Qaa3+ 60. Kg2 Qbb2+ 61. Kf1 Ne3# 0-1

[Event "SR 5. liga SE-SI 2017/2018"]
[Site "?"]
[Date "2017.12.16"]
[Round "5.1"]
[White "Ralbovsky, Milan"]
[Black "Danihel, Jozef"]
[Result "0-1"]
[WhiteElo "1505"]
[BlackElo "1509"]
[PlyCount "62"]
[EventDate "2017.??.??"]

1. e4 d5 2. exd5 Nf6 3. c4 e6 4. dxe6 Bxe6 5. Qe2 Bc5 6. Nc3 O-O 7. Ne4 Nxe4 8.
Qxe4 Re8 9. Be2 Nc6 10. Nf3 f5 11. Qc2 Nd4 12. Nxd4 Qxd4 13. O-O Rad8 14. d3 f4
15. Bxf4 Qxf4 16. Rae1 Rd4 17. Bf3 Bd6 18. g3 Qxf3 19. Re3 Qf5 20. Rfe1 Kf7 21.
Qe2 Bb4 22. Rf3 Bxe1 23. Rxf5+ Bxf5 24. Qh5+ Bg6 25. Qf3+ Kg8 26. Qxb7 Bxd3 27.
Qc6 Rdd8 28. h4 Re2 29. Qxc7 Bxf2+ 30. Kf1 Re7+ 31. Kxf2 Rxc7 0-1

[Event "SR 5. liga SE-SI 2017/2018"]
[Site "?"]
[Date "2017.12.16"]
[Round "5.1"]
[White "Harasta, Marian"]
[Black "Hyza, Richard"]
[Result "1-0"]
[WhiteElo "1615"]
[BlackElo "1399"]
[PlyCount "95"]
[EventDate "2017.??.??"]

1. d4 d5 2. c4 e6 3. Qc2 Nc6 4. e3 Nf6 5. Nf3 Bb4+ 6. Nc3 Ne4 7. Bd2 Qe7 8.
Nxe4 Bxd2+ 9. Nexd2 Nb4 10. Qc3 Bd7 11. c5 Nc6 12. b4 Nb8 13. Bd3 a6 14. a4 Nc6
15. O-O O-O 16. b5 axb5 17. axb5 Rxa1 18. Rxa1 Nd8 19. Ne5 Be8 20. Qc2 g6 21.
h3 f6 22. Ng4 f5 23. Ne5 Nf7 24. Ndf3 Nxe5 25. Nxe5 Kg7 26. Ra7 Bf7 27. Rxb7
Rc8 28. b6 Be8 29. Ba6 Kg8 30. Ra7 Rb8 31. Rxc7 Qd8 32. Nc6 Bxc6 33. Rxc6 Qe8
34. Bb5 Qd7 35. Qa4 Rf8 36. Rc7 Qd8 37. Qa7 Qf6 38. b7 Qd8 39. Rd7 Qb8 40. Qxb8
Rxb8 41. c6 Rf8 42. c7 Rf7 43. c8=Q+ Kg7 44. Rxf7+ Kxf7 45. Qe8+ Kf6 46. h4 g5
47. Qf8+ Kg6 48. Be8# 1-0

[Event "SR 5. liga SE-SI 2017/2018"]
[Site "?"]
[Date "2017.12.16"]
[Round "5.1"]
[White "Ralbovsky, Dominik"]
[Black "Krakovsky, Jakub"]
[Result "0-1"]
[WhiteElo "1079"]
[BlackElo "1239"]
[PlyCount "60"]
[EventDate "2017.??.??"]

1. d4 d5 2. Bf4 e6 3. Nf3 Bd6 4. Qd2 Nf6 5. Bg5 Nbd7 6. Nc3 a6 7. g3 c5 8. Bg2
cxd4 9. Nxd4 Bb4 10. Nb3 Qc7 11. O-O b6 12. Bf4 Bd6 13. Bf3 Bxf4 14. Qxf4 Qxf4
15. gxf4 Bb7 16. Rad1 Rb8 17. Rd3 O-O 18. Rfd1 Nc5 19. Nxc5 bxc5 20. Na4 Rfc8
21. Nb6 Rc6 22. Rb3 c4 23. Nxc4 Rxc4 24. e3 Rxc2 25. e4 dxe4 26. Rxb7 Rbc8 27.
Bxe4 Nxe4 28. Rbd7 g6 29. R7d4 Nxf2 30. Rf1 Nh3+ 0-1

[Event "SR 5. liga SE-SI 2017/2018"]
[Site "?"]
[Date "2017.12.16"]
[Round "5.2"]
[White "Ocko, Martin"]
[Black "Jakubec, Milan"]
[Result "1/2-1/2"]
[WhiteElo "1986"]
[BlackElo "2021"]
[PlyCount "96"]
[EventDate "2017.??.??"]

1. Nf3 d5 2. d4 Nf6 3. g3 e6 4. Bg2 c5 5. e3 Nc6 6. O-O Bd6 7. b3 cxd4 8. exd4
O-O 9. Bb2 b6 10. Ne5 Qc7 11. Re1 Bb7 12. Nd2 Rac8 13. Nxc6 Bxc6 14. Rc1 Qb7
15. Nf3 Bb5 16. c4 dxc4 17. Ne5 Qe7 18. bxc4 Be8 19. Nd3 Qd8 20. Qb3 Bc6 21. d5
exd5 22. cxd5 Ba8 23. Rxc8 Qxc8 24. Bxf6 gxf6 25. Qb2 Qf5 26. Be4 Qg5 27. f4
Qg7 28. Qb5 f5 29. Bf3 Qd4+ 30. Kg2 Bb7 31. Qd7 Bxd5 32. Qxf5 Bxa2 33. Ne5 Bxe5
34. Rxe5 Qd2+ 35. Re2 Qb4 36. Rxa2 a5 37. Be4 Re8 38. Qxh7+ Kf8 39. Re2 Re6 40.
Qh8+ Ke7 41. Qa8 Qc4 42. Kf2 Qc5+ 43. Kf3 Qh5+ 44. Kf2 Qxh2+ 45. Kf3 Qh5+ 46.
Kf2 Qh2+ 47. Kf3 Qh5+ 48. Kf2 Qh2+ 1/2-1/2

[Event "SR 5. liga SE-SI 2017/2018"]
[Site "?"]
[Date "2017.12.16"]
[Round "5.2"]
[White "Solovic, Rastislav"]
[Black "Celustkova, Lubica"]
[Result "1/2-1/2"]
[WhiteElo "1838"]
[BlackElo "1709"]
[PlyCount "57"]
[EventDate "2017.??.??"]

1. e4 c5 2. Nf3 Nc6 3. d4 cxd4 4. Nxd4 g6 5. Be3 Bg7 6. c3 Nf6 7. Bd3 O-O 8.
Nd2 d5 9. Qc2 Bd7 10. O-O Nxd4 11. Bxd4 e5 12. Bxe5 dxe4 13. Nxe4 Nxe4 14. Bxg7
Kxg7 15. Bxe4 Qc7 16. Rad1 Rad8 17. Rd4 Be6 18. Qa4 a6 19. Rfd1 Rxd4 20. Qxd4+
Kg8 21. Bd5 Rd8 22. c4 Qa5 23. a3 b5 24. b4 Qxa3 25. Qb6 Rd7 26. Qb8+ Kg7 27.
Qe5+ Kg8 28. Re1 Re7 29. Qb8+ 1/2-1/2

[Event "SR 5. liga SE-SI 2017/2018"]
[Site "?"]
[Date "2017.12.16"]
[Round "5.2"]
[White "Hrdlicka, Martin"]
[Black "Otepka, Vladimir"]
[Result "1-0"]
[WhiteElo "1413"]
[BlackElo "1774"]
[PlyCount "55"]
[EventDate "2017.??.??"]

1. e4 c5 2. Nf3 d6 3. d4 cxd4 4. Nxd4 Nf6 5. Nc3 a6 6. Bc4 e6 7. Qe2 Nbd7 8.
Be3 Ne5 9. Bb3 Be7 10. O-O-O Qc7 11. h3 b5 12. f4 Nc6 13. Nxc6 Qxc6 14. e5 dxe5
15. fxe5 Nd7 16. Qh5 g6 17. Qh6 Bf8 18. Qf4 Bg7 19. Rhf1 O-O 20. Nd5 Qb7 21.
Nf6+ Kh8 22. Qh4 Bxf6 23. exf6 Qc6 24. Bg5 Bb7 25. Qh6 Rg8 26. Rxd7 Qxd7 27.
Rf4 Rad8 28. Qxh7+ 1-0

[Event "SR 5. liga SE-SI 2017/2018"]
[Site "?"]
[Date "2017.12.16"]
[Round "5.2"]
[White "Kiss, Andrej"]
[Black "Oslej, Marek"]
[Result "1-0"]
[WhiteElo "1718"]
[BlackElo "1180"]
[PlyCount "115"]
[EventDate "2017.??.??"]

1. e4 e5 2. Nf3 Nc6 3. d4 d6 4. dxe5 dxe5 5. Qxd8+ Kxd8 6. c3 Bc5 7. Bb5 Bd7 8.
O-O Bd6 9. Be3 a6 10. Bc4 Be6 11. Bxe6 fxe6 12. Nbd2 Nf6 13. Bg5 Be7 14. Rad1
Ke8 15. Rfe1 Rd8 16. Bh4 h6 17. Bg3 Bd6 18. Nc4 Ke7 19. Ncxe5 Rhg8 20. Nxc6+
bxc6 21. e5 Nh5 22. exd6+ cxd6 23. Bxd6+ Rxd6 24. Rxd6 Kxd6 25. Nd4 Re8 26. g4
Nf4 27. Nf5+ Kd7 28. Rd1+ Kc7 29. Ng3 Rd8 30. Rxd8 Kxd8 31. Kf1 g6 32. Ne4 Nd5
33. Nc5 Nc7 34. Ke2 Ke7 35. c4 Kd6 36. b4 Ke5 37. Ke3 h5 38. f4+ Kf6 39. h3
hxg4 40. hxg4 e5 41. Nd7+ Ke6 42. Nxe5 Kf6 43. Nxc6 g5 44. Nd4 gxf4+ 45. Kxf4
Kg6 46. a4 a5 47. b5 Na8 48. c5 Nc7 49. Ke5 Kf7 50. Kd6 Nd5 51. Kxd5 Ke7 52. g5
Kd7 53. g6 Kc7 54. g7 Kb7 55. Kd6 Ka7 56. Kc6 Ka8 57. Kb6 Kb8 58. g8=R# 1-0

[Event "SR 5. liga SE-SI 2017/2018"]
[Site "?"]
[Date "2017.12.16"]
[Round "5.2"]
[White "Valent, Tomas"]
[Black "Knapek, Adrian"]
[Result "1-0"]
[WhiteElo "1189"]
[BlackElo "1437"]
[PlyCount "91"]
[EventDate "2017.??.??"]

1. e4 e5 2. Nf3 d6 3. Bc4 h6 4. O-O Nf6 5. d3 Be7 6. Be3 Ng4 7. Qd2 Nxe3 8.
fxe3 c6 9. Nc3 a5 10. d4 b5 11. Be2 exd4 12. exd4 O-O 13. a3 Bg4 14. d5 Qb6+
15. Kh1 Bxf3 16. Bxf3 Nd7 17. dxc6 Qxc6 18. e5 Qc5 19. Bxa8 Rxa8 20. exd6 Bg5
21. Qd5 Qxd5 22. Nxd5 Ra6 23. Nc7 Rc6 24. Nxb5 Rxc2 25. Rab1 Ne5 26. Rfe1 Ng4
27. d7 Rd2 28. h3 Ne3 29. b4 axb4 30. axb4 Rxd7 31. Nc3 Nc4 32. Red1 Rb7 33.
Ne4 Bf4 34. b5 f5 35. Nc5 Rb6 36. Rd4 Nd2 37. Rb2 Ne4 38. Nxe4 fxe4 39. Rxe4
Bg5 40. Rc4 Bf6 41. Rc6 Rxc6 42. bxc6 Be5 43. Rc2 Bc7 44. Rd2 Kf8 45. Rd7 Bb6
46. c7 1-0

[Event "SR 5. liga SE-SI 2017/2018"]
[Site "?"]
[Date "2017.12.16"]
[Round "5.3"]
[White "Diviak, Rastislav"]
[Black "Antalek, Rudolf"]
[Result "1/2-1/2"]
[WhiteElo "1956"]
[BlackElo "1703"]
[PlyCount "85"]
[EventDate "2017.??.??"]

1. e4 e5 2. Nf3 Nc6 3. Bb5 a6 4. Ba4 Nf6 5. O-O b5 6. Bb3 d6 7. Ng5 d5 8. exd5
Nd4 9. c3 Nxb3 10. Qxb3 Nxd5 11. d4 f6 12. Nf3 Be6 13. dxe5 fxe5 14. Re1 Bd6
15. Bg5 Qd7 16. Nxe5 Bxe5 17. Rxe5 O-O 18. Qd1 Qf7 19. Qe2 Rae8 20. Nd2 h6 21.
Bh4 Nf4 22. Qe3 Qg6 23. Bg3 Nd3 24. Re4 Bd5 25. Rxe8 Rxe8 26. Qd4 Rd8 27. c4
bxc4 28. Nxc4 c5 29. Qh4 Rf8 30. Ne3 Bc6 31. b3 Nb4 32. Qc4+ Kh7 33. Qxc5 Qf6
34. Rd1 a5 35. Qxa5 Qc3 36. Qe5 Qxe5 37. Bxe5 Re8 38. Bc3 Nxa2 39. Ba5 Re5 40.
Nc4 Rb5 41. Rf1 Rxb3 42. Ra1 Nc3 43. Bxc3 1/2-1/2

[Event "SR 5. liga SE-SI 2017/2018"]
[Site "?"]
[Date "2017.12.16"]
[Round "5.3"]
[White "Jarabek, Milan"]
[Black "Bazovsky, Max"]
[Result "0-1"]
[WhiteElo "1745"]
[BlackElo "1313"]
[PlyCount "50"]
[EventDate "2017.??.??"]

1. e4 c5 2. Nf3 Nc6 3. g3 d6 4. Bg2 g6 5. O-O Bg7 6. c3 Nf6 7. Re1 O-O 8. d4
cxd4 9. cxd4 e6 10. Bg5 Qb6 11. Qd2 Re8 12. Nc3 Nd7 13. Rad1 a6 14. Bh6 Bh8 15.
h4 Nf6 16. Qf4 Qxb2 17. Ne2 e5 18. dxe5 dxe5 19. Qe3 Qxa2 20. Rd6 Qc4 21. Nd2
Qb4 22. Rd3 Ng4 23. Qg5 f6 24. Qf5 gxf5 25. exf5 Nxh6 0-1

[Event "SR 5. liga SE-SI 2017/2018"]
[Site "?"]
[Date "2017.12.16"]
[Round "5.3"]
[White "Kaufman, Robert"]
[Black "Romanova, Ela"]
[Result "0-1"]
[WhiteElo "1348"]
[BlackElo "1418"]
[PlyCount "120"]
[EventDate "2017.??.??"]

1. e4 e6 2. d4 d5 3. e5 Nc6 4. Nf3 Bd7 5. Be3 f6 6. c4 Be7 7. Nc3 Bb4 8. Qc2
Qe7 9. a3 Bxc3+ 10. bxc3 Qf8 11. cxd5 exd5 12. Bd3 Nge7 13. O-O Bg4 14. exf6
Qxf6 15. Bg5 Qf7 16. Bxe7 Nxe7 17. Qa4+ Bd7 18. Qb4 O-O-O 19. Ba6 bxa6 20. Rab1
Bb5 21. Ne5 Qf6 22. a4 Nc6 23. Nxc6 Qxc6 24. axb5 Qxb5 25. Qxb5 axb5 26. Rxb5
c6 27. Rc5 Kb7 28. g4 Ra8 29. Ra1 Rhe8 30. Kg2 Re4 31. f3 Re2+ 32. Kg3 Kb6 33.
h4 a5 34. f4 Re3+ 35. Kf2 Re4 36. Kf3 a4 37. Rb1+ Kc7 38. Rbb5 a3 39. Ra5 Ree8
40. c4 Kb6 41. cxd5 Rxa5 42. Rxc6+ Kb7 43. Rc1 a2 44. Ra1 Kc7 45. f5 Kd6 46. g5
Kxd5 47. Kf4 Rf8 48. h5 Rb8 49. f6 gxf6 50. g6 hxg6 51. hxg6 Ke6 52. d5+ Ke7
53. Ke4 Rb4+ 54. Kd3 Rb1 55. d6+ Kxd6 56. g7 Rb8 57. Kc4 Ke7 58. g8=Q Rxg8 59.
Kb4 Raa8 60. Kc3 Rgb8 0-1

[Event "SR 5. liga SE-SI 2017/2018"]
[Site "?"]
[Date "2017.12.16"]
[Round "5.3"]
[White "Dubanova, Kristina"]
[Black "Kaufman, Roman"]
[Result "1-0"]
[WhiteElo "1021"]
[BlackElo "1000"]
[PlyCount "85"]
[EventDate "2017.??.??"]

1. e4 e5 2. Nf3 Nc6 3. Bc4 Nf6 4. Nc3 Bc5 5. d3 O-O 6. Bg5 d6 7. O-O Re8 8. h3
Be6 9. Bb3 Nd4 10. Be3 c6 11. Na4 b5 12. Nc3 d5 13. Nxe5 Qd6 14. Nf3 Bb6 15. e5
Nxf3+ 16. Qxf3 Qxe5 17. Bxb6 axb6 18. Rfe1 Qg5 19. Rad1 Ra7 20. Re2 Rae7 21.
Rde1 b4 22. Kf1 bxc3 23. bxc3 b5 24. a4 bxa4 25. Bxa4 Rc7 26. c4 Ra8 27. Bb3
Qf5 28. Qg3 Rca7 29. Rd1 Nh5 30. Qe3 Nf4 31. Ree1 Qg5 32. Qf3 Rd8 33. Kg1 Nxh3+
34. Kf1 Nf4 35. c3 Qh4 36. Kg1 Qg5 37. Kf1 Bg4 38. Qe3 Kf8 39. f3 Bh3 40. Qd2
Nxg2 41. Qxg5 Ne3+ 42. Kg1 Nf5 43. Qxd8# 1-0

[Event "SR 5. liga SE-SI 2017/2018"]
[Site "?"]
[Date "2017.12.16"]
[Round "5.3"]
[White "Kaufmanova, Karin"]
[Black "Janota, Frantisek"]
[Result "0-1"]
[WhiteElo "1092"]
[BlackElo "1000"]
[PlyCount "108"]
[EventDate "2017.??.??"]

1. e4 e5 2. Nf3 Nc6 3. Bc4 Nf6 4. Nc3 Nxe4 5. Nxe4 d5 6. Bxd5 Qxd5 7. d3 Bc5 8.
Nxc5 Qxc5 9. c3 Bg4 10. Be3 Qd6 11. d4 f6 12. d5 Bxf3 13. Qxf3 Ne7 14. c4 c6
15. O-O cxd5 16. cxd5 Nxd5 17. Rfd1 O-O-O 18. Rac1+ Kb8 19. Rd2 f5 20. Qd1 Nxe3
21. fxe3 Qxd2 22. Qf1 Rc8 23. Rd1 Qxe3+ 24. Kh1 Qf4 25. Qe1 Rhd8 26. Rxd8 Rxd8
27. g3 Qd2 28. Qxe5+ Rd6 29. Qe8+ Rd8 30. Qe5+ Ka8 31. Qc5 Qd5+ 32. Qxd5 Rxd5
33. Kg2 Rd2+ 34. Kh3 Rxb2 35. Kh4 Rxh2+ 36. Kg5 Rxa2 37. Kxf5 b5 38. Ke4 b4 39.
Kd3 b3 40. Kc3 b2 41. Kc2 h5 42. Kb1 Ra3 43. Kxb2 Rxg3 44. Kc2 h4 45. Kd2 h3
46. Ke1 Rg6 47. Kf2 h2 48. Kf3 h1=Q+ 49. Kf4 Qf1+ 50. Ke4 Re6+ 51. Kd4 Qd1+ 52.
Kc4 Rc6+ 53. Kb4 Qb1+ 54. Ka4 Ra6# 0-1

[Event "SR 5. liga SE-SI 2017/2018"]
[Site "?"]
[Date "2017.12.16"]
[Round "5.4"]
[White "Visvader, Kristof"]
[Black "Wallner, Juraj"]
[Result "1/2-1/2"]
[WhiteElo "1249"]
[BlackElo "1590"]
[PlyCount "109"]
[EventDate "2017.??.??"]

1. e4 c5 2. Nf3 e6 3. d4 d5 4. exd5 exd5 5. c3 Nc6 6. Be3 Qb6 7. dxc5 Bxc5 8.
Bxc5 Qxc5 9. Nbd2 Nf6 10. Nb3 Qe7+ 11. Be2 O-O 12. O-O Re8 13. Nfd4 Ne5 14. f4
Ng6 15. Bf3 Qe3+ 16. Kh1 Ne4 17. Bxe4 dxe4 18. f5 Ne5 19. f6 Nd3 20. fxg7 Nf2+
21. Rxf2 Qxf2 22. Qe2 e3 23. Rf1 Qxe2 24. Nxe2 Kxg7 25. h3 Be6 26. Re1 Rad8 27.
Ned4 Bxb3 28. axb3 Kf6 29. Kg1 Re4 30. g3 Rg8 31. Kg2 Ke5 32. Nf3+ Kd5 33. Nd4
Rxd4 34. cxd4 Kxd4 35. Kf3 b6 36. g4 Re8 37. Rd1+ Kc5 38. Ke2 Kb4 39. Rd3 Re5
40. Rd7 f5 41. Rxa7 fxg4 42. hxg4 Kxb3 43. Rxh7 Kxb2 44. Rb7 b5 45. g5 Rxg5 46.
Kxe3 b4 47. Kd3 Rg3+ 48. Kd2 b3 49. Kd1 Kb1 50. Kd2 Rg2+ 51. Kc3 b2 52. Re7
Rc2+ 53. Kb3 Kc1 54. Re1+ Kd2 55. Rb1 1/2-1/2

[Event "SR 5. liga SE-SI 2017/2018"]
[Site "?"]
[Date "2017.12.16"]
[Round "5.4"]
[White "Fajtakova, Silvia"]
[Black "Nemeckay, Dominik"]
[Result "1/2-1/2"]
[WhiteElo "1275"]
[BlackElo "1467"]
[PlyCount "108"]
[EventDate "2017.??.??"]

1. e4 e5 2. Nf3 Nc6 3. Bb5 d6 4. d4 a6 5. Bxc6+ bxc6 6. dxe5 Qe7 7. O-O dxe5 8.
h3 Qe6 9. Bg5 f6 10. Bh4 Bd6 11. Qd3 Ne7 12. Nbd2 Qf7 13. Nc4 Bc5 14. Rad1 Be6
15. Na5 O-O 16. Qc3 Bd6 17. Nxc6 Nxc6 18. Qxc6 Rab8 19. b3 Rb6 20. Qc3 Bd7 21.
Qa1 Ba3 22. Nd2 Be6 23. Nb1 Bc5 24. c3 a5 25. Kh1 Be7 26. f3 c5 27. Bf2 Rb7 28.
c4 Rc8 29. Nc3 Bd8 30. Na4 Be7 31. Nxc5 Bxc5 32. Bxc5 h6 33. Be3 a4 34. Rd3
axb3 35. axb3 Rcb8 36. Qa4 Rb4 37. Qa3 Qb7 38. Rfd1 Kh7 39. Bf2 Rxb3 40. Rxb3
Qxb3 41. Qxb3 Rxb3 42. Rc1 Rb7 43. c5 Rc7 44. Be1 Rc6 45. Ba5 Kg8 46. Bb6 Kf7
47. Ra1 Ke7 48. Ra7+ Bd7 49. Rc7 Rxc7 50. Bxc7 Ke6 51. Bd6 f5 52. Kh2 fxe4 53.
fxe4 Bc6 54. Kg3 Bxe4 1/2-1/2

[Event "SR 5. liga SE-SI 2017/2018"]
[Site "?"]
[Date "2017.12.16"]
[Round "5.4"]
[White "Visvader, Rudolf"]
[Black "Tomasovic, Pavol"]
[Result "1-0"]
[WhiteElo "1263"]
[BlackElo "1300"]
[PlyCount "111"]
[EventDate "2017.??.??"]

1. e4 e6 2. Nc3 d5 3. d4 Bb4 4. e5 c5 5. Nf3 Nc6 6. Bb5 Qb6 7. Bxc6+ Qxc6 8.
O-O Bxc3 9. bxc3 Ne7 10. Qd3 b6 11. Re1 a5 12. Be3 Ba6 13. Qd2 O-O 14. Bg5 Ra7
15. Nh4 Ng6 16. g3 Nxh4 17. Bxh4 h6 18. g4 g5 19. Bg3 f6 20. h4 Rh7 21. Re3 f5
22. f4 fxg4 23. hxg5 h5 24. Bh4 Qe8 25. Rb1 Rxf4 26. Rxb6 Bc4 27. a3 Rf1+ 28.
Kg2 Rhf7 29. g6 R7f5 30. Rd6 Kg7 31. Rd8 Qxg6 32. Rd7+ Rf7 33. Bf6+ Kg8 34.
Rxf7 Kxf7 35. dxc5 Rf3 36. Bh4 Rxe3 37. Qxe3 Qxc2+ 38. Kg3 Qe4 39. Qf4+ Qxf4+
40. Kxf4 Kg6 41. Ke3 Kf5 42. Bg3 a4 43. Kd4 Bb5 44. Ke3 Bc4 45. c6 Ba6 46. Kd4
Kg6 47. Kc5 Kf7 48. Kd6 Ke8 49. Kxe6 Kd8 50. Kxd5 Kc7 51. e6+ Kb6 52. e7 Bb5
53. e8=Q Bxc6+ 54. Qxc6+ Ka5 55. Kc5 h4 56. Qb5# 1-0